Luật đất đai
Nội dung sách gồm: Quyền và trách nhiệm của nhà nước đối với đất đai; địa giới hành chính và điều tra cơ bản về đất đai; giao đất, cho thuê đất, chuyển mục đích sử dụng đất; thu hồi đất, trưng dụng đất bồi thuuwongf, hỗ trợ, tái định...
Na minha lista:
| Autores corporativos: | , |
|---|---|
| Formato: | Livro |
| Idioma: | Undetermined |
| Publicado em: |
Hà Nội
Chính trị Quốc gia
2016
|
| Assuntos: | |
| Tags: |
Adicionar Tag
Sem tags, seja o primeiro a adicionar uma tag!
|
| Thư viện lưu trữ: | Trung tâm Học liệu Trường Đại học Cần Thơ |
|---|
| LEADER | 01403nam a2200265Ia 4500 | ||
|---|---|---|---|
| 001 | CTU_220878 | ||
| 008 | 210402s9999 xx 000 0 und d | ||
| 020 | |c 36000 | ||
| 082 | |a 346.597043 | ||
| 082 | |b V308 | ||
| 110 | |a Việt Nam ( Cộng hòa xã hội chủ nghĩa) | ||
| 110 | |b Quốc hội | ||
| 245 | 0 | |a Luật đất đai | |
| 245 | 0 | |c Việt Nam ( Cộng hòa xã hội chủ nghĩa). Quốc hội | |
| 260 | |a Hà Nội | ||
| 260 | |b Chính trị Quốc gia | ||
| 260 | |c 2016 | ||
| 520 | |a Nội dung sách gồm: Quyền và trách nhiệm của nhà nước đối với đất đai; địa giới hành chính và điều tra cơ bản về đất đai; giao đất, cho thuê đất, chuyển mục đích sử dụng đất; thu hồi đất, trưng dụng đất bồi thuuwongf, hỗ trợ, tái định cư; tài chính vè đất đai và đấu giá quyền sử dụng đất. | ||
| 526 | |a Hệ thống phát triển và kinh doanh bất động sản | ||
| 526 | |b MT903 | ||
| 650 | |a Land tenure,Quyền sử dụng đất | ||
| 650 | |x Law and legislation,Luật pháp và pháp luật | ||
| 650 | |z Vietnam,Việt Nam | ||
| 904 | |i Phan Thanh Thảo, Tuyến | ||
| 980 | |a Trung tâm Học liệu Trường Đại học Cần Thơ | ||